01325nac a22003131i 4500003000900000005001700009008004100026020001500067020001800082040004300100082001900143100003500162245024200197250002200439264007200461264001000533300006800543336002600611337002800637338002700665504005200692650002200744650002200766655001700788700003400805942001200839999001500851952014500866EG-ScBUE20250219093253.0250210t2006 njuad f b 001 0 eng d a0131481894 a9780131481893 aEG-ScBUEbengerdacEG-ScBUEdEG-ScBUE04a526.9bWOL2221 aWolf, Paul R., eauthor.10aElementary surveying :ban introduction to geomatics /cPaul R. Wolf, Professor Emeritus, Civil and Environmental Engineering University of Wisconsin-Madison, Charles D. Ghilani, surveying program chair The Pennsylvania State University. aEleventh edition. 1aUpper Saddle River, New Jersey :bPearson Education, Inc..,c[2006] 4cc2006 axxiii, 916 pages :bcharts, illustrations (some color) ;c25 cm 2rdacontentatextbtxt aunmediated2rdamediabn avolumebnc2rdacarrier aIncludes bibliographical references and index.  7aSurveying.2BUEsh 7aGeomatics.2BUEsh vReading book1 aGhilani, Charles D.,eauthor. cBB2ddc c2560d2560 00102ddc40708BaccahaMAINbMAINc1STd2007-02-25ePurchasel3m35o526.9 WOLp000001621r2025-07-15 00:00:00s2014-11-27w2007-02-25yBB